[Event "Llinars del Valles op 1st"]
[Site "Llinars del Valles"]
[Date "2021.06.25"]
[Round "1"]
[White "Las Heras Aixandri, Guillem"]
[Black "Perez Ribas, Joan"]
[Result "1-0"]
[WhiteElo "1844"]
[BlackElo "1372"]
[PlyCount "83"]
[EventDate "2021.06.25"]
[EventType "swiss"]
[EventRounds "9"]
[EventCountry "ESP"]
[SourceTitle "CBM 203 Extra"]
[Source "ChessBase"]
[SourceDate "2021.09.30"]
[SourceVersion "1"]
[SourceVersionDate "2021.09.30"]
[SourceQuality "1"]

1. Nf3 d5 2. c4 e6 3. b3 Nf6 4. Bb2 Be7 5. g3 0-0 6. d4 c5 7. cxd5 exd5 8. dxc5 Bxc5 9. Bg2 Nc6 10. 0-0 Bg4 11. Qc2 Be7 12. Ng5 Nb4 13. Qd2 h6 14. a3 Nc6 15. Nf3 Ne4 16. Qe3 Bxf3 17. exf3 Nf6 18. Rd1 Qd7 19. f4 Rfe8 20. Qd3 Rad8 21. Nc3 d4 22. Ne2 Bc5 23. b4 Bb6 24. Rd2 Re7 25. Rad1 Rde8 26. b5 Na5 27. Nxd4 Re1+ 28. Bf1 Qh3 29. Nf3 Ng4 30. Be5 Rxd1 31. Rxd1 Bxf2+ 32. Kh1 Qh5 33. Kg2 Nxe5 34. Nxe5 Bb6 35. Be2 Qxe2+ 36. Qxe2 f6 37. Qa2+ Kh8 38. Qf7 Rc8 39. Rd7 Rg8 40. Ng6+ Kh7 41. Nf8+ Kh8 42. Qg6 1-0